Purab aur pachim / (Record no. 47463)

MARC details
000 -LEADER
fixed length control field 01109njm a22003017a 4500
005 - DATE AND TIME OF LATEST TRANSACTION
control field 20100922123340.0
007 - PHYSICAL DESCRIPTION FIXED FIELD--GENERAL INFORMATION
fixed length control field sd ammalaaahaa
008 - FIXED-LENGTH DATA ELEMENTS--GENERAL INFORMATION
fixed length control field 100913t xxu||||| |||| 00| 0 hin d
028 ## - PUBLISHER NUMBER
Publisher number MOCE 4024
Source ODEON
035 ## - SYSTEM CONTROL NUMBER
System control number GR-07816
040 ## - CATALOGING SOURCE
Original cataloging agency SED
Transcribing agency SED
100 ## - MAIN ENTRY--PERSONAL NAME
Personal name Bhosle, Asha
9 (RLIN) 1184
245 ## - TITLE STATEMENT
Title Purab aur pachim /
Statement of responsibility, etc by Asha Bhosle ; music by Kalyanji Anandji ; lyrics by Indiwar
Medium [sound recording] :
246 ## - VARYING FORM OF TITLE
Title proper/short title पूरब और पछिम
260 ## - PUBLICATION, DISTRIBUTION, ETC. (IMPRINT)
Place of publication, distribution, etc Dum Dum India
Name of publisher, distributor, etc ODEON
Date of publication, distribution, etc 1971
300 ## - PHYSICAL DESCRIPTION
Extent 1 sound disc [Gramophone record] :
Other physical details analog, 33 1/3 rpm
Dimensions 12.5 in. (LP)
Type of unit Gramophone Record
500 ## - GENERAL NOTE
General note Brief Record
500 ## - GENERAL NOTE
General note Record label :ODEON, Black
505 ## - FORMATTED CONTENTS NOTE
Formatted contents note Side-1 (Twinkle twinkle little star) (Asha Bhosle) Side-2 (Om jai jagdish hare) (Mahendra Kapoor)
600 ## - SUBJECT ADDED ENTRY--PERSONAL NAME
Personal name Bhosle, Asha
9 (RLIN) 19992
650 ## - SUBJECT ADDED ENTRY--TOPICAL TERM
Topical term or geographic name as entry element Hind Film songs
General subdivision Excerpts
Geographic subdivision India
9 (RLIN) 21058
650 ## - SUBJECT ADDED ENTRY--TOPICAL TERM
9 (RLIN) 21096
700 ## - ADDED ENTRY--PERSONAL NAME
9 (RLIN) 21075
Personal name Indiwar
700 ## - ADDED ENTRY--PERSONAL NAME
Personal name Kalyanji
9 (RLIN) 21124
700 ## - ADDED ENTRY--PERSONAL NAME
Personal name Anandji
9 (RLIN) 21125
942 ## - ADDED ENTRY ELEMENTS (KOHA)
Source of classification or shelving scheme Dewey Decimal Classification
Item type Gramaphone Records
Holdings
Withdrawn status Lost status Source of classification or shelving scheme Damaged status Not for loan Collection code Home library Current library Date acquired Source of acquisition Total Checkouts Barcode Date last seen Copy number Price effective from Koha item type
    Dewey Decimal Classification   Not For Loan Non-fiction Central Library Central Library 22/09/2010 SED/VEN   GR-07816 22/09/2010 1 22/09/2010 Gramaphone Records

© Delhi Public Library
Hit Counter
free hit counter